Szczegóły MARC21

Kulturelle Dimensionen in der literarischen Übersetzung : eine übersetzungstheoretische Untersuchung mit exemplarischer Analyse von Arthur Schnitzlers "Reigen" /

003 -Nazwa inst., której nr kontr. jest w polu 001 [,]
    • @
    • Nazwa instytucji, której n kontrolny jest w polu 001
    • NUKAT
005 -DATA I CZAS OSTATNIEJ MODYFIKACJI [,]
    • @
    • pole kontrolne
    • 20241231103832.0
020 -Międzynarod. znormalizowany nr książki - ISBN [ , ]
    • a
    • Numer ISBN
    • 3880993815 Find
040 -Instytucja sporządzająca opis [ , ]
    • a
    • Instytucja, która sporządziła opis (NP)
    • SZCZ U/AB
    • b
    • Język katalogowania
    • pol
    • e
    • Zasady katalogowania
    • rda
    • c
    • Instytucja, która sporządziła rekord (NP)
    • SZCZ U/ABs
942 -Rodzaj dokumentu [ , ]
    • c
    • Rodzaj dokumentu
    • Książka
100 -Hasło główne - nazwa osobowa [1, ]
    • a
    • Nazwa osobowa (NP)
    • Zojer, Heidi.
    • e
    • Rodzaj współpracy
    • Autor
    • 9
    • KHW
    • 652510
245 -Strefa tytułu i oznaczenia odpowiedzialności [1,0]
    • a
    • Tytuł
    • Kulturelle Dimensionen in der literarischen Übersetzung : Find
    • b
    • Ciąg dalszy tytułu (NP)
    • eine übersetzungstheoretische Untersuchung mit exemplarischer Analyse von Arthur Schnitzlers "Reigen" / Find
    • c
    • Pozostałe elementy strefy tytułu i oznaczenia odpowiedzialności (NP)
    • Heidi Zojer.
246 -Wariant tytułu [3,0]
    • a
    • Tytuł (NP)
    • Übersetzungstheoretische Untersuchung mit exemplarischer Analyse von Arthur Schnitzlers "Reigen"
246 -Wariant tytułu [1,8]
    • a
    • Tytuł (NP)
    • Kulturelle Dimensionen in der literarischen Übersetzung
260 -Strefa adresu wydawniczego [ , ]
    • a
    • Miejsce wydania (P)
    • Stuttgart :
    • b
    • Nazwa wydawcy (P)
    • Verlag Hans-Dieter Heinz Akademischer Verlag,
    • c
    • Data wydania (P)
    • 2000.
300 -Strefa opisu fizycznego [ , ]
    • a
    • Określenie formy książki i/lub objętość (NP)
    • [12], 252 strony ;
    • c
    • Format (NP)
    • 21 cm.
336 -Typ zawartości [ , ]
    • a
    • Termin opisujący typ zawartości
    • Tekst
    • b
    • Kod określający zawartość
    • txt
    • 2
    • Źródło (terminu i kodu)
    • rdacontent
337 -Typ mediów [ , ]
    • a
    • Tryb odtwarzania
    • Bez urządzenia pośredniczącego
    • b
    • Kod typu mediów
    • n
    • 2
    • Źródło (terminu i kodu)
    • rdamedia
338 -Typ/rodzaj nośnika [ , ]
    • a
    • Hasło opisujące typ nośnika
    • Wolumin
    • b
    • Kod typu nośnika
    • nc
    • 2
    • Źródło (terminu i kodu)
    • rdacarrier
490 -Strefa serii i książki wielotomowej - forma nie do wyszukiwania [1, ]
    • a
    • Tytuł (P)
    • Stuttgarter Arbeiten zur Germanistik, Find
    • x
    • ISSN (NP)
    • 0179-2482 ;
    • v
    • Numeracja (P)
    • Nr. 376
830 -Hasło dodatkowe serii i opisu książki wielotomowej - tytuł ujednolicony/tytuł [ ,0]
    • a
    • Tytuł ujednolicony/tytuł (NP)
    • Stuttgarter Arbeiten zur Germanistik
    • x
    • ISSN
    • 0179-2482
    • v
    • Oznaczenie tomu (NP)
    • Nr. 376
    • 9
    • KHW
    • 502131
504 -Uwaga dot. bibliogr. załącznikowej [ , ]
    • a
    • Uwaga dot. bibliografii załącznikowej
    • Bibliografia na stronach 240-252.
080 -Uniwersalna Klasyfikacja Dziesiętna [ , ]
    • a
    • Symbol klasyfikacji
    • 830(436)(091)-2"18/19"Schnitzler A.=30
600 -Hasło przedmiotowe w formie nazwy osobowej [1,7]
    • a
    • Nazwa osobowa
    • Schnitzler, Arthur
    • d
    • Daty związane z nazwą
    • (1862-1931).
    • t
    • Tytuł
    • Reigen
    • 2
    • Źródło terminu
    • kaba
    • 9
    • KHW
    • 324609
600 -Hasło przedmiotowe w formie nazwy osobowej [1,7]
    • a
    • Nazwa osobowa
    • Schnitzler, Arthur
    • d
    • Daty związane z nazwą
    • (1862-1931)
    • x
    • Określnik rzeczowy
    • krytyka i interpretacja.
    • 2
    • Źródło terminu
    • kaba
    • 9
    • KHW
    • 485741
650 -Hasło przedmiotowe [ ,7]
    • a
    • Hasło przedmiotowe
    • Literatura
    • x
    • Określnik rzeczowy
    • tłumaczenie.
    • 2
    • Źródło terminu
    • kaba
    • 9
    • KHW
    • 117070
980 -Symbol UKD [ , ]
    • a
    • UKD
    • 830(436)(091)-2"18/19"Schnitzler A.=30
710 -Hasło dodatkowe - nazwa ciała zbiorowego [2, ]
    • a
    • Nazwa ciała zbiorowego lub nazwa geograficzna jako pierwszy element (NP)
    • Verlag Hans-Dieter Heinz Akademischer Verlag (Stuttgart).
    • e
    • Rodzaj współpracy
    • Wydawca
    • 4
    • Kod relacji
    • pbl
    • 9
    • KHW
    • 496473
920 -ISBN [ , ]
    • a
    • ISBN
    • 3-88099-381-5 Find
Numer inwentarzowy Lokalizacja Data inwentaryzacji Sygnatura Status udost.
G.16135BM2002-03-04Germ. Translatoryka 26-3